[Event "Pan American-ch Seniors 65"]
[Site "Lima"]
[Date "2023.04.30"]
[Round "7"]
[White "Bermudes, Eduardo"]
[Black "Jimenez Molina, Juan Leon"]
[Result "0-1"]
[WhiteElo "2035"]
[BlackElo "2144"]
[PlyCount "59"]
[EventDate "2023.04.26"]
[EventType "swiss"]
[EventRounds "9"]
[EventCountry "PER"]
[SourceTitle "CBM 214 Extra"]
[Source "ChessBase"]
[SourceDate "2023.07.31"]
[SourceVersion "1"]
[SourceVersionDate "2023.07.31"]
[SourceQuality "1"]

1. g3 g6 2. Bg2 Bg7 3. c4 c5 4. Nc3 Nc6 5. e3 e6 6. Nge2 Nge7 7. 0-0 0-0 8. d4 cxd4 9. exd4 d5 10. cxd5 exd5 11. Be3 Be6 12. Nf4 Qd7 13. Nxe6 fxe6 14. g4 Rad8 15. h3 Kh8 16. f4 g5 17. fxg5 Rxf1+ 18. Bxf1 e5 19. Ne2 Ng6 20. Bg2 Nh4 21. Qd2 Rf8 22. dxe5 Nxg2 23. Kxg2 d4 24. Bf4 Qd5+ 25. Kg3 Nxe5 26. Rf1 Ng6 27. h4 Nxf4 28. Nxf4 Qe5 29. g6 Qf6 30. gxh7 0-1

[Event "Pan American-ch Seniors 65"]
[Site "Lima"]
[Date "2023.04.26"]
[Round "1"]
[White "Bermudes, Eduardo"]
[Black "Agrasot, Antonio"]
[Result "1-0"]
[WhiteElo "2035"]
[BlackElo "1518"]
[PlyCount "51"]
[EventDate "2023.04.26"]
[EventType "swiss"]
[EventRounds "9"]
[EventCountry "PER"]
[SourceTitle "CBM 214 Extra"]
[Source "ChessBase"]
[SourceDate "2023.07.31"]
[SourceVersion "1"]
[SourceVersionDate "2023.07.31"]
[SourceQuality "1"]

1. d4 d5 2. Bg5 Bf5 3. c4 Nc6 4. a3 g6 5. Nc3 Bg7 6. e3 Bf6 7. Bf4 dxc4 8. Bxc4 e5 9. dxe5 Qxd1+ 10. Rxd1 Bxe5 11. Nge2 Bxf4 12. Nxf4 Nge7 13. e4 g5 14. Nfd5 Nxd5 15. Nxd5 Be6 16. Nxc7+ Ke7 17. Bxe6 fxe6 18. Nxa8 Rxa8 19. 0-0 Rd8 20. Rxd8 Kxd8 21. f4 h6 22. fxg5 hxg5 23. Rf7 Na5 24. b4 Nc4 25. Rxb7 Nd2 26. Rxa7 1-0

[Event "Pan American-ch Seniors 65"]
[Site "Florianopolis"]
[Date "2022.06.25"]
[Round "7"]
[White "Bermudes, Eduardo"]
[Black "Pereira, Silvio Cunha"]
[Result "1/2-1/2"]
[WhiteElo "2050"]
[BlackElo "2188"]
[PlyCount "83"]
[EventDate "2022.06.21"]
[EventType "swiss"]
[EventRounds "9"]
[EventCountry "BRA"]
[SourceTitle "CBM 209 Extra"]
[Source "ChessBase"]
[SourceDate "2022.09.30"]
[SourceVersion "1"]
[SourceVersionDate "2022.09.30"]
[SourceQuality "1"]

1. g3 f5 2. e4 fxe4 3. d3 exd3 4. Bxd3 Nf6 5. g4 g6 6. g5 Nh5 7. Ne2 e5 8. Ng3 Nf4 9. Bxf4 exf4 10. Ne4 Bg7 11. Nbc3 Nc6 12. Nd5 0-0 13. Ndf6+ Bxf6 14. Nxf6+ Rxf6 15. gxf6 Qxf6 16. Bc4+ Kg7 17. Qd5 Ne7 18. Qc5 d5 19. Be2 Bf5 20. 0-0-0 b6 21. Qb4 Bd7 22. Qd4 Rd8 23. Bf3 Be6 24. Rhe1 Rd6 25. Bg4 Nc6 26. Qxf6+ Kxf6 27. Bxe6 Rxe6 28. Rxe6+ Kxe6 29. Re1+ Ne5 30. Kd2 Kf5 31. Ke2 d4 32. b4 Ke4 33. h3 g5 34. Kf1+ Kd5 35. b5 h5 36. Kg2 f3+ 37. Kg3 h4+ 38. Kh2 Kd6 39. Re4 Kd5 40. Re1 Kd6 41. Re4 Kd5 42. Re1 1/2-1/2

[Event "Pan American-ch Seniors 65"]
[Site "Florianopolis"]
[Date "2022.06.21"]
[Round "2"]
[White "Moyses Sobrinho, Elias"]
[Black "Bermudes, Eduardo"]
[Result "1/2-1/2"]
[WhiteElo "1831"]
[BlackElo "2050"]
[PlyCount "49"]
[EventDate "2022.06.21"]
[EventType "swiss"]
[EventRounds "9"]
[EventCountry "BRA"]
[SourceTitle "CBM 209 Extra"]
[Source "ChessBase"]
[SourceDate "2022.09.30"]
[SourceVersion "1"]
[SourceVersionDate "2022.09.30"]
[SourceQuality "1"]

1. e4 c6 2. d4 g6 3. c4 Bg7 4. Nc3 d6 5. Nf3 Qc7 6. Be2 e5 7. d5 c5 8. 0-0 a6 9. Be3 Nd7 10. h3 Ndf6 11. Nh2 Ne7 12. f4 exf4 13. Bxf4 Nd7 14. Nf3 f6 15. Qd2 h6 16. Bh2 0-0 17. Qf4 Ne5 18. Nxe5 dxe5 19. Qd2 Qd7 20. Bf3 Nc6 21. Bg3 Nd4 22. Ne2 a5 23. Nxd4 cxd4 24. a3 a4 25. Qb4 1/2-1/2

[Event "Panama op 3rd"]
[Site "Panama City"]
[Date "2013.11.04"]
[Round "8"]
[White "Bermudes, Eduardo"]
[Black "Montoya, Cristian"]
[Result "1-0"]
[WhiteElo "2077"]
[BlackElo "1933"]
[PlyCount "91"]
[EventDate "2013.10.30"]
[EventType "swiss"]
[EventRounds "9"]
[EventCountry "PAN"]
[SourceTitle "EXT 2014"]
[Source "ChessBase"]
[SourceDate "2013.11.20"]
[SourceVersion "1"]
[SourceVersionDate "2013.11.20"]
[SourceQuality "1"]

1. g3 Nf6 2. Bg2 d5 3. d3 g6 4. Nd2 Bg7 5. e4 dxe4 6. dxe4 Nc6 7. h3 0-0 8. Ngf3 e5 9. 0-0 Qe7 10. c3 b6 11. Re1 Bb7 12. Qc2 Rad8 13. g4 Nd7 14. Nf1 Nc5 15. Bg5 f6 16. Be3 Nd3 17. Red1 Nf4 18. Ng3 Rxd1+ 19. Rxd1 Nd8 20. Qa4 Nc6 21. Bf1 Rd8 22. Kh2 Rxd1 23. Qxd1 Nd8 24. Qa4 a5 25. b4 axb4 26. cxb4 Qd6 27. Bc4+ Kh8 28. a3 Bf8 29. Qc2 Bc8 30. Qc3 Bg7 31. a4 Qd1 32. Qd2 Qxd2 33. Bxd2 Bb7 34. a5 Bf8 35. a6 Ba8 36. g5 Bg7 37. gxf6 Bxf6 38. Bc3 Nc6 39. b5 Nd4 40. Nxd4 exd4 41. Bd2 Be5 42. Kg1 c6 43. bxc6 Bxc6 44. Bxf4 Bxf4 45. a7 Bxg3 46. Bd5 1-0

[Event "Barranquilla op 4th"]
[Site "Barranquilla"]
[Date "2011.08.28"]
[Round "6"]
[White "Bermudes, Eduardo"]
[Black "Guzman Mellado, Arcadio"]
[Result "0-1"]
[WhiteElo "2077"]
[BlackElo "1957"]
[PlyCount "50"]
[EventDate "2011.08.26"]
[EventType "swiss"]
[EventRounds "7"]
[EventCountry "COL"]
[SourceTitle "EXT 2012"]
[Source "ChessBase"]
[SourceDate "2011.11.24"]
[SourceVersion "1"]
[SourceVersionDate "2011.11.24"]
[SourceQuality "1"]

1. d4 d5 2. Bg5 h6 3. Bh4 c5 4. c3 Qb6 5. Qd2 Bf5 6. e3 e6 7. b3 Nd7 8. Bd3 Bxd3 9. Qxd3 Ngf6 10. Nd2 Bd6 11. Ngf3 0-0 12. 0-0 Rac8 13. e4 dxe4 14. Nxe4 Nxe4 15. Qxe4 cxd4 16. cxd4 Qc6 17. Qe3 Qd5 18. Rac1 Qf5 19. a4 Bf4 20. Rxc8 Bxe3 21. Rxf8+ Kxf8 22. fxe3 Qd3 23. b4 Qxe3+ 24. Kh1 Qa3 25. a5 g5 0-1